Central Library OPAC University of Rajshahi

বহমান পানির পরিবেশ তত্ত্ব / (Record no. 71034)

MARC details
000 -LEADER
fixed length control field 00930nam a2200241 a 4500
001 - CONTROL NUMBER
control field 71034
003 - CONTROL NUMBER IDENTIFIER
rucl marc code BD-RjUL
005 - DATE AND TIME OF LATEST TRANSACTION
control field 20211209082054.0
008 - FIXED-LENGTH DATA ELEMENTS--GENERAL INFORMATION
fixed length control field 170423s1993 bg a|||| b||| 00| 0 ben d
020 ## - INTERNATIONAL STANDARD BOOK NUMBER
International Standard Book Number 9840727427 :
Terms of availability : TK. 75.00
035 ## - SYSTEM CONTROL NUMBER
System control number (BD-RjUL)71248
040 ## - CATALOGING SOURCE
Original cataloging agency BD-RjUL
Language of cataloging ben
Transcribing agency BD-RjUL
Modifying agency BD-RjUL
041 ## - LANGUAGE CODE
Language code of text/sound track or separate title ben
082 ## - DEWEY DECIMAL CLASSIFICATION NUMBER
Edition number 23
Classification number 577
Author mark and year ISB 1993
100 ## - MAIN ENTRY--PERSONAL NAME
Personal name ইসলাম, মোঃ আনোয়ারুল
9 (RLIN) 210158
245 ## - TITLE STATEMENT
Title বহমান পানির পরিবেশ তত্ত্ব /
Statement of responsibility, etc. মোঃ আনোয়ারুল ইসলাম
260 ## - PUBLICATION, DISTRIBUTION, ETC. (IMPRINT)
Place of publication, distribution, etc. ঢাকা :
Name of publisher, distributor, etc. বাংলা একাডেমী,
Date of publication, distribution, etc. ১৯৯৩.
300 ## - PHYSICAL DESCRIPTION
Pagination ২৩০ পৃ. :
Illustrations চিত্র. ;
Size ২৪ সে.মি.
504 ## - BIBLIOGRAPHY, ETC. NOTE
Bibliography, etc গ্রন্থপজ্ঞি সংযুক্ত.
650 ## - SUBJECT ADDED ENTRY--TOPICAL TERM
Topical term or geographic name as entry element বাস্তুসংস্থান
9 (RLIN) 122300
Topical term or geographic name as entry element Ecology
9 (RLIN) 210159
942 ## - ADDED ENTRY ELEMENTS (KOHA)
Source of classification or shelving scheme Dewey Decimal Classification
Koha item type Books
Holdings
Lost status Source of classification or shelving scheme Damaged status Not for loan Collection code Permanent Location Current Location Shelving location Date acquired Source of acquisition Cost, normal purchase price Total Checkouts Full call number Date last seen Copy number Koha item type
  Dewey Decimal Classification   Not For Loan Non-fiction Central Library, University of Rajshahi Central Library, University of Rajshahi Reading Room 09/12/2021 Aligarh Library, Dhaka 76.00   B 577 ISB 1993 23/04/2017 C-1 Books